00704 a2200169 4500003000200000005001700002040000600019082001600025100002600041245015900067260003500226300001100261505020300272650001600475651001000491700003300501020251110185242.0 c0 a621.382,SAJ aCSUO Sajjad ( TCC-5) aStudy, design and establishment of a fiber optic link for analog and digital communication /cCSUO Sajjad, PC Aamir Watto , NC Yousaf Allah Dad (TCC-5)  aRawalpindibMCS (Lahore)c1997 a51 p.; aIntroduction (Page-1), Advantages and Applications (Page-7), Transmitters (Page-13), Receivers(Page-19), Type of Fiber (Page-29),Connectors and Splicing (Page-35), The Optical Fiber Link (Page-37).  aUG Projects aTCC-5 aSupervised by W/C (R) Akhlaq